[Event "VIII Iberoamericano Mexico 2022"]
[Site "Mexico City"]
[Date "2022.02.15"]
[Round "4.9"]
[White "Leon Valdes, Jony Wilson"]
[Black "Cordova, Emilio"]
[Result "0-1"]
[WhiteElo "2392"]
[BlackElo "2534"]
[Annotator "TA"]
[PlyCount "41"]
[EventDate "2022.02.12"]
[EventType "swiss"]
[EventCountry "MEX"]
[SourceTitle "playchess.com"]
[Source "ChessBase"]
[SourceQuality "1"]

{[%evp 9,41,0,8,0,0,0,0,-58,-38,-46,-57,-94,-77,-102,-18,-172,-149,-154,-151,-187,-143,-172,-190,-180,-191,-622,-671,-652,-606,-1199,-1193,-1191,-1184,-29994]} 1. d4 e6 2. c4 b6 3. e4 Bb7 4. f3 f5 5. exf5 Nh6 6. fxe6 {A40: Unusual replies to 1 d4.} Nf5 7. exd7+ Nxd7 {White must now prevent ...Qh4+.} 8. Ne2 (8. Nc3 $1 $11) 8... Bd6 $1 $15 {[%mdl 1024] Black has compensation.} ({But not} 8... Qe7 9. Nbc3 $14) 9. Nbc3 O-O 10. Qd3 Qh4+ $1 11. Kd1 {[#]} Rae8 $146 {Inhibits Ne4.} (11... Rad8 $17 {[%cal Od6e5] And now ...Be5! would win.} 12. Rb1 Be5) ({Predecessor:} 11... Bc5 12. Kc2 Nxd4+ 13. Nxd4 Bxd4 14. Be3 Bxe3 15. Qxd7 Rf7 16. Qe6 Qf2+ 17. Kb3 a5 {0-1 (24) Roselli Mailhe,B (2433)-Cordova,E (2621) Montevideo 2018}) 12. b3 $2 {White does not recover from this.} (12. Bd2 $1 $11 {and White has nothing to worry.}) 12... c5 $1 $36 {[%cal Rc5d4][%mdl 2048] Black is really pushing. Really sharp!} 13. d5 Ne5 $1 {Black is much more active. White has bad knights.} 14. Qe4 Qf6 15. Bd2 {[#]} Bc8 $1 {[%cal Oe5g4] aiming for ...Ng4!} 16. Rc1 {[#]} Ng4 $1 {[%mdl 64] Deflection, Decoy} 17. Qxg4 (17. fxg4 Rxe4 18. Nxe4) 17... Ne3+ {[%mdl 64] Discovered Attack. Black is clearly winning.} 18. Bxe3 Bxg4 19. Ne4 {[#]} Rxe4 {[%mdl 512]} 20. fxe4 Qb2 {[%cal Of8f1] ( -> ...Rxf1+!)} 21. Ke1 {Weighted Error Value: White=0.87/Black=0.08 (flawless)} 0-1

[Event "VIII Iberoamericano Mexico 2022"]
[Site "Mexico City"]
[Date "2022.02.15"]
[Round "4.10"]
[White "Dominguez Aguilar, Guillermo"]
[Black "Henderson de La Fuente, Lance"]
[Result "1-0"]
[WhiteElo "2321"]
[BlackElo "2494"]
[Annotator "TA"]
[PlyCount "101"]
[EventDate "2022.02.12"]
[EventType "swiss"]
[EventCountry "MEX"]
[SourceTitle "playchess.com"]
[Source "ChessBase"]
[SourceQuality "1"]

{[%evp 9,101,20,26,28,25,21,35,39,34,14,18,22,26,0,18,18,20,23,26,24,24,22,21,21,24,25,39,34,53,62,64,58,70,72,68,76,73,58,67,91,135,134,141,142,131,122,142,135,146,144,141,73,73,76,122,117,125,63,70,71,72,0,65,66,71,67,75,68,75,13,385,375,638,633,637,637,701,677,677,675,659,632,641,617,914,904,1136,1095,1304,1218,1154,936,1454,1118]} 1. c4 e5 2. Nc3 Nc6 3. g3 Bc5 4. Bg2 a6 5. e3 d6 6. Nge2 {A25: English Opening vs King's Indian with ...Nc6 but without early d3.} Ba7 7. a3 Nf6 8. b4 {White is slightly better.} O-O 9. Bb2 Ne7 10. d4 c6 11. O-O Be6 12. Qd3 {[#]} Qd7 $146 ({Predecessor:} 12... b5 13. cxb5 axb5 14. Rfd1 Bc4 15. Qc2 Qc8 16. dxe5 dxe5 17. a4 bxa4 18. Rxa4 Qe6 {½-½ (44) Von Herman,U (2391)-Maksimenko,A (2543) Germany 2014}) 13. Rfd1 Rad8 14. dxe5 dxe5 15. Qc2 Qc7 16. c5 Bb8 17. e4 Rxd1+ 18. Nxd1 b5 19. cxb6 Qxb6 20. Nec3 Nd7 21. Na4 Qc7 22. Ne3 Rc8 23. Rc1 a5 $1 24. Bc3 Ba7 ({Black should play} 24... axb4 25. Bxb4 c5 26. Nxc5 Nxc5 27. Bxc5 (27. Qxc5 Qb7 $14) 27... Ba7 28. Bxa7 (28. Bxe7 Qb7 $11) 28... Qxa7) 25. bxa5 $16 Bxe3 26. fxe3 Qa7 27. Kf2 c5 28. Rb1 $1 Rc6 {To avoid Nb6} 29. Bf1 c4 30. Be2 (30. Qb2 $142) 30... Nc8 31. Bb4 {White is more active. A strong pair of Bishops.} Nd6 (31... Nf6 $142) 32. Nc3 $1 {Bxd6 is the strong threat.} Nc5 33. Rd1 (33. Bxc5 $16 Rxc5 34. Qa4 (34. Rb6 Ne8 $14)) 33... Ndb7 $1 $14 34. Nd5 Nd6 35. Nc3 {[%cal Od1d6] Threatens to win with Rxd6!} Ndb7 36. Kg2 h6 $1 37. Nd5 $1 Nd6 38. Bf3 $36 {[%mdl 2048] White is pushing.} Kh8 39. Qc3 ({Better is} 39. g4 $16) 39... Ncxe4 $2 {[%mdl 8192] Loses the game.} (39... Ndxe4 $11 {and Black is okay.} 40. Qxc4 (40. Qxe5 Ng5 $16) 40... Ng5) 40. Qxe5 $18 {aiming for Nc3.} Bxd5 (40... Ng5 41. Bxd6 Nxf3 42. Kxf3 Qxa5) 41. Rxd5 {White is clearly winning.} Qxe3 {[#] ( -> ...Qf2+)} 42. Qd4 $1 (42. Rxd6 Qf2+ 43. Kh3 {[#]} Qxf3 $1 44. Qxe4 Qxe4 $19) 42... Qxd4 43. Rxd4 {[%cal Bd5d4,Bd4e4,Be4e7][%mdl 32]} c3 44. Bxe4 Nxe4 45. Rxe4 {[%mdl 4096] Endgame KRB-KR} c2 46. Bd2 c1=Q 47. Bxc1 Rxc1 48. a6 {[%cal Ba5a6,Ba6a7][%mdl 32]} Rc8 {To avoid Re8+} 49. a7 {Black must now prevent Rb4.} Ra8 50. Re7 f5 51. Kf3 {Weighted Error Value: White=0.09 (flawless) /Black=0.27 (precise)} 1-0

[Event "VIII Iberoamericano Mexico 2022"]
[Site "Mexico City"]
[Date "2022.02.15"]
[Round "4.12"]
[White "Diaz Perez, Michel Alejandro"]
[Black "Perez Garcia, Rodney Oscar"]
[Result "1/2-1/2"]
[WhiteElo "2459"]
[BlackElo "2331"]
[Annotator "TA"]
[PlyCount "109"]
[EventDate "2022.02.12"]
[EventType "swiss"]
[EventCountry "MEX"]
[SourceTitle "playchess.com"]
[Source "ChessBase"]
[SourceQuality "1"]

{[%evp 13,108,15,23,0,0,0,0,0,35,18,23,13,34,17,6,12,10,20,20,7,0,0,6,10,15,15,15,10,10,10,12,12,15,11,14,0,0,0,0,0,53,45,36,39,48,50,88,89,104,85,94,16,23,18,20,10,51,54,54,47,40,0,0,0,0,0,4,0,0,0,19,14,14,15,25,0,22,22,37,37,37,37,37,37,37,37,37,8,11,0,0,0,0,0,0,0,0]} 1. c4 d6 2. d4 e5 3. Nc3 exd4 4. Qxd4 Nc6 5. Qd2 Be6 6. b3 Nf6 7. e4 a5 8. Nf3 {A21: English Opening: 1...e5 2 Nc3.} a4 9. Rb1 axb3 10. axb3 {[#]} Be7 $146 ({Predecessor:} 10... g6 11. Be2 Bg7 12. O-O O-O 13. Bb2 Re8 14. Ra1 Rxa1 15. Bxa1 Bg4 16. h3 Bxf3 17. Bxf3 {0-1 (46) Checa,N (2506)-Gareyev,T (2584) Philadelphia 2019}) 11. Bd3 O-O 12. O-O Ng4 13. Bb2 Nge5 14. Be2 Nxf3+ 15. Bxf3 Bg5 16. Qd1 Bf6 17. Nb5 Bxb2 18. Rxb2 h6 19. Rd2 Qe7 20. g3 Ra5 21. Bg2 Rfa8 22. Qc1 Ra2 23. Qc3 R8a6 24. h3 Rxd2 25. Qxd2 Na7 26. Nc3 c6 (26... Qg5 $11 27. Qxg5 hxg5) 27. f4 $14 f6 {Prevents e5.} 28. Rd1 Nc8 29. Ne2 c5 30. Nc3 Ra3 31. Qb2 Ra6 32. Nb5 {White is more active.} (32. Rd3 $16) 32... Na7 $11 33. Nxa7 Rxa7 34. e5 Ra6 (34... dxe5 $11 {was preferrable.} 35. fxe5 Bf7) 35. exf6 $14 Qxf6 36. Qxf6 gxf6 37. Bxb7 {[%mdl 4096] Endgame KRB-KRB} Rb6 {[%cal Ba6b6,Bb6b3,Bb3c3][%mdl 32]} 38. Bd5 Bxd5 39. Rxd5 {Black should prevent Rd3.} Rxb3 $11 {KR-KR} 40. Kg2 Rc3 41. Rxd6 Kg7 42. h4 Kg6 43. Rd5 Rxc4 44. f5+ Kh5 45. Kh3 Rc3 46. Rd6 c4 47. Rxf6 Rd3 {[#]} 48. Rd6 $1 {Rxd3 would kill now.} Re3 (48... Rf3 49. Rd1 (49. Rc6 c3 $14) 49... Re3 {[#]} 50. Re1 $3 $18 {[%mdl 512]}) 49. Rc6 c3 50. Rc4 c2 {The position is equal.} 51. Kg2 c1=Q 52. Rxc1 Rxg3+ 53. Kf2 Ra3 54. Rc4 Rf3+ 55. Kxf3 {Weighted Error Value: White=0.08 (flawless) /Black=0.06 (flawless)} 1/2-1/2

[Event "VIII Iberoamericano Mexico 2022"]
[Site "Mexico City"]
[Date "2022.02.15"]
[Round "4.13"]
[White "Sandoval Mercado, Carlos"]
[Black "Ibarra Chami, Luis Fernando"]
[Result "1-0"]
[WhiteElo "2289"]
[BlackElo "2451"]
[Annotator "TA"]
[PlyCount "112"]
[EventDate "2022.02.12"]
[EventType "swiss"]
[EventCountry "MEX"]
[SourceTitle "playchess.com"]
[Source "ChessBase"]
[SourceQuality "1"]

{[%evp 20,112,18,0,25,26,35,35,34,44,32,40,32,19,20,19,25,0,7,0,0,9,7,0,55,53,89,93,100,100,117,119,267,293,289,279,373,371,382,376,377,371,395,407,519,510,505,442,498,497,492,460,491,482,956,952,934,934,817,814,794,800,800,737,1222,1195,1594,1585,1393,1196,1558,1109,2950,5799,4133,2546,1494,1297,29963,29965,5708,4622,29958,11180,29979,29980,29970,29974,29983,29984,29985,29986,29994,29989,29988]} 1. d4 Nf6 2. c4 g6 3. Nf3 Bg7 4. g3 O-O 5. Bg2 d5 6. cxd5 Nxd5 7. Nc3 Nb6 8. O-O Nc6 {[%cal Bb8c6,Bc6a5,Ba5c4][%mdl 32]} 9. d5 Na5 10. e4 {10.Qc2 is more fashionable.} c6 11. Bf4 cxd5 {D76: Fianchetto Grünfeld: Main Line with 7...Nb6.} (11... Bxc3 {keeps more tension.} 12. bxc3 cxd5 13. exd5 Qxd5 14. Nd4 Qd7) 12. Nxd5 Nxd5 13. exd5 Nc4 {White is slightly better.} 14. Rc1 Nb6 15. d6 exd6 16. Bxd6 Re8 17. b3 $36 {[%mdl 2048] White is more active.} Be6 {[#]} 18. Be5 $146 {[%cal Bd6e5,Be5b2,Bb2a3][%mdl 32]} ({Predecessor:} 18. Bc5 Bd5 19. Qd3 Bc6 20. Rfd1 Qxd3 21. Rxd3 Nd7 22. Bd4 Nf6 23. Bb2 Rad8 24. Ne5 Bxg2 25. Kxg2 Rxd3 26. Nxd3 {0-1 (54) Pigusov,E (2555)-Nepomniachtchi,I (2767) Moscow 2019}) 18... Bh6 19. Rc3 Qxd1 20. Rxd1 Nd5 21. Rc4 f6 ({Black should play} 21... Bf8 $11) 22. Bb2 $14 Bf7 {[#]} 23. Ne5 $1 fxe5 (23... Rxe5 24. Bxe5) 24. Bxd5 Re7 {[#]} 25. Bxf7+ $1 Kxf7 {[#] A mistake that costs the game.} (25... Rxf7 $16 {keeps fighting.} 26. Bxe5 Re8) 26. Ba3 $1 $18 Re6 27. Rc7+ Kf6 28. Rxh7 Ra6 29. Rxh6 Rxa3 {[%mdl 4096] Endgame KRR-KRR} 30. Rd6+ Kf5 31. Rhxg6 {White threatens f3 and mate.} e4 32. h4 {[%csl Gh4][%cal Rg6g5,Bh2h4,Bh4h5,Bh5h6][%mdl 32]} Ke5 33. h5 Rxa2 34. h6 Rh8 35. Rge6+ Kf5 36. Re7 e3 (36... Rb2 $142 37. Rxb7 e3 38. fxe3 Rg8 39. Rf7+ (39. Rxa7 Rxg3+ 40. Kh1 Rh3+ 41. Kg1 Rg3+ 42. Kh1 Rh3+ 43. Kg1 Rg3+ $11) 39... Ke5) 37. Rxe3 {aiming for Rde6.} Ra6 38. Ree6 Rxd6 39. Rxd6 {KR-KR} Ke5 40. Rd7 Rxh6 41. Rxb7 a6 42. Kg2 Rf6 43. Rb4 Rc6 44. Ra4 {Black must now prevent Kh3.} Rb6 45. Kh3 Rh6+ 46. Kg4 Rg6+ 47. Kh5 Rb6 48. f4+ {[%cal Bf2f4,Bf4f5,Bf5f6][%mdl 32]} Kf5 49. g4+ {[%cal Bg3g4,Bg4g5][%mdl 32]} Kf6 50. f5 Kf7 51. Ra5 {White wants to mate with g5.} Kg7 52. g5 {White mates.} Kf7 53. Rc5 Rxb3 54. Rc7+ Kf8 55. f6 Rb8 56. Kg6 Ke8 {Weighted Error Value: White=0.02 (flawless) /Black=0.30} 1-0

[Event "VIII Iberoamericano Mexico 2022"]
[Site "Mexico City"]
[Date "2022.02.15"]
[Round "4.14"]
[White "Cori, Jorge"]
[Black "Rosales Campos, Paul Ivan"]
[Result "1-0"]
[WhiteElo "2650"]
[BlackElo "2039"]
[Annotator "TA"]
[PlyCount "73"]
[EventDate "2022.02.12"]
[EventType "swiss"]
[EventCountry "MEX"]
[SourceTitle "playchess.com"]
[Source "ChessBase"]
[SourceQuality "1"]

{[%evp 9,73,6,14,18,18,17,4,1,14,19,18,22,17,27,24,12,24,12,42,27,63,42,48,27,109,56,162,85,99,114,125,125,117,112,134,45,108,113,110,112,133,136,255,243,265,131,606,583,582,572,536,312,884,902,900,887,847,813,648,434,419,396,826,846,794,779]} 1. c4 e5 2. Nc3 Nc6 3. Nf3 Nf6 4. e3 Bb4 5. Qc2 d6 6. Ne2 {A28: English Opening: Four Knights Variation.} a5 7. a3 Bc5 8. d4 {The position is equal.} Ba7 9. dxe5 dxe5 10. Ng3 {To avoid e4} O-O 11. Bd3 Qe7 {[#]} 12. O-O $146 ({Predecessor:} 12. b3 Re8 13. Ng5 h6 14. N5e4 Nxe4 15. Bxe4 Nd8 16. Bb2 Ne6 17. O-O Bc5 18. Nf5 {1-0 (27) Brown,M (2524)-Panchanathan,M (2499) Charlotte 2019}) 12... Re8 {White must now prevent ...e4.} 13. Nd2 {Inhibits e4.} h5 14. Nge4 (14. h3 {is interesting.} Rd8 15. Rd1 Kf8 16. Be2 g6 17. Nf3) 14... Be6 15. Nxf6+ Qxf6 16. Be4 Ne7 (16... a4 $11 {keeps the balance.}) 17. b4 (17. Bxb7 $16 Rab8 18. Be4) 17... Qh6 ({Black should play} 17... c6 $1 $14) 18. Nb3 (18. Bxb7 $18 Rab8 19. Bf3) 18... c6 19. Nxa5 f5 20. Bd3 b6 21. Nb3 h4 22. f4 (22. a4 $16) 22... e4 (22... b5 $1 $14) 23. Be2 $16 g5 24. Nd4 Bf7 25. Qc3 {fxg5 is the strong threat.} Kh7 {[#]} (25... Bb8 $16 {was necessary.}) 26. Bb2 $1 $18 {[%cal Od4f5] Strongly threatening Nxf5!} Rg8 {[#]} 27. Rad1 (27. Bg4 $1 $18 {[%mdl 512] is more deadly.} fxg4 28. fxg5) 27... Rg6 $2 {[%mdl 8192] [#] Black cannot hold the game after this.} (27... gxf4 $16 28. exf4 (28. Nxf5 Nxf5 29. Rxf4 Be6 $11) 28... b5) 28. Nxf5 $1 {[%mdl 512]} Nxf5 29. Rd7 Kg8 30. Rfd1 {[%cal Bf1d1,Bd1d8,Bd8h8,Bh8a8,Ba8a7][%mdl 32] And now Rd8+ would win.} Be6 $2 (30... Re8) 31. Rd8+ Rxd8 32. Rxd8+ Kf7 33. Rh8 Qg7 34. Qxg7+ Nxg7 35. Ra8 Bd7 $2 (35... gxf4 36. exf4 e3 37. Rxa7+ Kf8) 36. Rxa7 Ke8 37. f5 {Weighted Error Value: White=0.31/Black=0.59} 1-0

[Event "VIII Iberoamericano Mexico 2022"]
[Site "Mexico City"]
[Date "2022.02.15"]
[Round "4.15"]
[White "Corrales Jimenez, Zenia"]
[Black "Fier, Alexandr"]
[Result "0-1"]
[WhiteElo "2151"]
[BlackElo "2583"]
[Annotator "TA"]
[PlyCount "146"]
[EventDate "2022.02.12"]
[EventType "swiss"]
[EventCountry "MEX"]
[SourceTitle "playchess.com"]
[Source "ChessBase"]
[SourceQuality "1"]

{[%evp 13,146,2,10,10,4,4,29,0,14,0,0,0,1,0,0,-23,-16,-18,-2,-34,-24,-15,-8,-3,0,-4,-11,-14,-19,-30,-30,-60,0,0,0,0,0,0,2,0,2,6,0,0,0,0,0,0,35,40,44,38,66,3,9,10,88,88,80,0,0,0,0,-14,-11,-12,-11,-10,0,-8,-8,-8,0,-8,-8,-8,0,-8,-8,-8,-8,-8,-8,-8,-5,-10,0,0,0,-8,0,0,0,0,0,0,8,0,0,0,0,0,0,0,0,-62,-62,-107,-107,-107,-107,-589,-108,-108,-108,-122,-122,-150,-156,-351,-366,-392,-381,-526,-518,-406,-420,-520,-486,-461,-376,-522,-508,-465,-450]} 1. e4 {[%cal Be2e4,Be4e5][%mdl 32]} c5 2. c3 Nf6 3. e5 Nd5 4. d4 cxd4 5. Nf3 e6 6. cxd4 d6 7. Bc4 Be7 8. O-O {B22: Sicilian: 2 c3.} O-O 9. Qe2 Bd7 10. Bd2 {White has an edge.} Bc6 11. Nc3 {[#]} Nb6 $146 ({Predecessor:} 11... Nxc3 12. Bxc3 Nd7 13. Bd3 Bd5 14. Nd2 dxe5 15. dxe5 Nc5 16. Bc2 Rc8 17. a3 Qb6 {1-0 (37) Zhigalko,S (2671)-Movsesian,S (2673) Tallinn 2016}) 12. Bd3 N8d7 13. Bf4 dxe5 14. Nxe5 Nxe5 15. Bxe5 Nd7 16. Be4 Nxe5 (16... Bxe4 {keeps more tension.} 17. Nxe4 Qa5 18. Bf4 Nb8 19. Be3 Nc6) 17. dxe5 Qb6 18. Bxc6 Qxc6 19. Rac1 Rac8 20. Qe4 Qb6 21. Qe2 h6 22. Rcd1 {[#]} Rc7 (22... Ba3 $1 $15 23. Rb1 (23. Nb5 Bc5) 23... Bc5) 23. Rd3 $11 Qa6 24. Rfd1 Rfc8 25. h3 Qc4 26. Qh5 Qh4 27. Qxh4 Bxh4 28. Rd7 Kf8 29. g3 Be7 {[%cal Bh4e7,Be7c5,Bc5b6,Bb6c7,Bc7e5][%mdl 32]} 30. Nb5 Rc2 31. Rxb7 {And now Rdd7 would win.} Bc5 $1 32. Nd4 Rc4 33. Nb3 (33. Ne2 $1 $14) 33... Bb6 34. Rdd7 R4c7 (34... R8c7 $11) 35. Rdxc7 $1 $16 Bxc7 36. Rxa7 (36. Nc5 $16) 36... Bxe5 {[%mdl 4096] Endgame KRB-KRN} 37. a4 Rc2 38. a5 {Threatens to win with a6.} Rxb2 39. Rb7 Ra2 $1 40. Kf1 g5 41. Rb4 Kg7 42. Rb5 Kf6 43. Kg2 Bc3 44. Kf1 $1 {To avoid Be1} Kg6 45. Rc5 Bf6 46. Rc6 Ra3 47. Rb6 Bd8 48. Rb5 Ra2 49. Rb8 Bf6 (49... Bxa5 $2 50. Ra8 $18) 50. Rb6 h5 51. g4 Ra4 52. a6 hxg4 53. hxg4 Ra2 54. Rc6 Ra3 55. Rb6 Be5 56. Kg2 Ra2 57. Kf3 Bc3 58. Ke4 Be1 59. f3 ({White should try} 59. Nc1 $11 Ra4+ 60. Ke3) 59... Bf2 $15 60. Rd6 (60. Rc6 $15 {deserves consideration.}) 60... Ra3 $1 $17 {Black is more active.} 61. Rd2 Ba7 62. Nd4 $2 {[%mdl 8192]} (62. Rb2 $17 {is more resistant.}) 62... Rxa6 $2 (62... Ra4 $1 $19 63. Ke5 f6+ 64. Kxe6 Bxd4) 63. Nb5 Bb8 64. Rd8 {Black must now prevent Rg8+.} Bf4 {Strongly threatening ...Ra5.} 65. Kd3 Ra2 {aiming for ...Rd2+.} 66. Rg8+ $2 {[#]} (66. Nd4 $17) 66... Kh7 $1 $19 67. Re8 {[#]} Rd2+ $1 68. Ke4 Re2+ 69. Kd4 Re3 70. Nc3 Rxf3 71. Ne4 Kg7 {Inhibits Nf6.} 72. Re7 Rf1 73. Nc5 Bd6 {Weighted Error Value: White=0.11 (very precise) /Black=0.07 (flawless)} 0-1

[Event "VIII Iberoamericano Mexico 2022"]
[Site "Mexico City"]
[Date "2022.02.15"]
[Round "4.16"]
[White "Vega Garcia, Jorge Arturo"]
[Black "Albornoz Cabrera, Carlos Daniel"]
[Result "0-1"]
[WhiteElo "2121"]
[BlackElo "2567"]
[Annotator "TA"]
[PlyCount "68"]
[EventDate "2022.02.12"]
[EventType "swiss"]
[EventCountry "MEX"]
[SourceTitle "playchess.com"]
[Source "ChessBase"]
[SourceQuality "1"]

{[%evp 13,68,0,0,-48,-45,-51,-34,-53,0,-8,-13,-37,-31,-31,-27,-54,-6,-14,-16,-38,-31,-27,-35,-66,-66,-59,-62,-58,-59,-51,-58,-65,-64,-92,-52,-71,-78,-89,-82,-113,-94,-286,-264,-297,-242,-837,-793,-1458,-1445,-2333,-2157,-1866,-1792,-1761,-1709,-1118,-329]} 1. Nf3 Nf6 2. g3 d5 {[%cal Bd7d5,Bd5d4][%mdl 32]} 3. Bg2 e6 4. O-O Be7 5. c4 O-O 6. d3 c5 7. Nc3 {7.cxd5 is more advanced technology.} d4 8. Nb5 {A14: English Opening: 1...e6 with b3 by White.} (8. Na4 $11 {might be stronger.}) 8... Nc6 $15 9. e3 a6 10. Na3 {Black is slightly better.} Nd7 (10... dxe3 $15 11. Bxe3 e5) 11. exd4 cxd4 12. Nc2 e5 13. Re1 {[%cal Ob2b4]} a5 {[#] Inhibits b4.} 14. Na3 $146 ({Predecessor:} 14. Rb1 f5 15. a3 a4 16. Bd2 Kh8 17. Nb4 Bf6 18. Nxc6 bxc6 19. h4 h6 20. Ng5 {0-1 (34) Dalaud,D (2227)-Sundararajan,K (2422) Liffre 2019}) 14... h6 (14... f6 $15) 15. Nb5 $11 Re8 16. Nd2 Bb4 17. Re2 $1 Bxd2 18. Rxd2 Nc5 19. b3 Bf5 20. Ba3 Nb4 21. Bxb4 axb4 22. Bd5 Ra6 23. a3 Qd7 {Black is more active.} 24. Rc1 bxa3 25. b4 Ne6 26. Ra1 Ng5 {...e4 is the strong threat.} 27. Bg2 {[#] Loses the game.} (27. h4 $17 Nh3+ 28. Kh2) 27... Bh3 $1 $19 28. Bd5 Rf6 {And now ...Bg4 would win.} 29. f3 {Inhibits Bg4.} (29. Rxa3 Bg4 30. Qf1) 29... e4 {Black is clearly winning.} ({Not} 29... Be6 $2 30. Be4 $19) 30. Nxd4 exf3 {Threatens to win with ...Bg2.} 31. Rf2 Bg2 32. Rxg2 Nh3+ 33. Kh1 fxg2+ 34. Kxg2 Rf2+ {Weighted Error Value: White=0.64/Black=0.04 (flawless)} 0-1

[Event "VIII Iberoamericano Mexico 2022"]
[Site "Mexico City"]
[Date "2022.02.15"]
[Round "4.17"]
[White "Gonzalez Zamora, Juan Carlos"]
[Black "Miranda Rodriguez, Tania"]
[Result "1-0"]
[WhiteElo "2544"]
[BlackElo "2174"]
[Annotator "TA"]
[PlyCount "67"]
[EventDate "2022.02.12"]
[EventType "swiss"]
[EventCountry "MEX"]
[SourceTitle "playchess.com"]
[Source "ChessBase"]
[SourceQuality "1"]

{[%evp 9,67,14,28,14,22,6,4,6,10,-7,5,-10,11,8,23,0,0,0,0,0,25,22,26,29,23,32,60,54,60,33,53,27,60,28,172,188,189,197,212,182,345,333,314,345,302,205,587,558,567,566,557,552,538,305,650,637,29989,29990,29992,29993]} 1. c4 e5 2. Nc3 Bb4 3. g3 Bxc3 4. bxc3 d6 5. Bg2 Ne7 6. d3 {A21: English Opening: 1...e5 2 Nc3.} O-O 7. Nh3 {[%cal Bg1h3,Bh3f2,Bf2d1,Bd1e3,Be3d5][%mdl 32]} c5 8. O-O {The position is equal.} Nbc6 9. f4 {[#]} Rb8 $146 ({Predecessor:} 9... f5 10. Rb1 h6 11. Nf2 Qc7 12. e4 exf4 13. Bxf4 Ng6 14. Bd2 f4 15. Nh3 fxg3 16. Rxf8+ Nxf8 17. hxg3 {1-0 (38) Solak,D (2635)-Greet,A (2455) Baku 2016}) 10. Rb1 Qa5 11. Qc2 f6 12. Nf2 Qc7 13. Nd1 b6 14. Ne3 Bb7 15. Nd5 Nxd5 16. cxd5 Ne7 17. c4 Bc8 18. e4 Bd7 19. a4 {[%cal Ba2a4,Ba4a5][%mdl 32]} a6 20. Bd2 Rb7 21. fxe5 dxe5 {This move loses the game for Black.} (21... fxe5 $11 {and Black stays safe.} 22. Rxf8+ Kxf8) 22. a5 $1 $18 b5 23. cxb5 Bxb5 24. Rfc1 Qb8 $2 (24... Qd7 {was called for.} 25. Qxc5 Rc8) 25. Bh3 (25. Qxc5 Rc8 26. Qe3 Rxc1+ 27. Rxc1 Bd7 $18) 25... f5 26. Qxc5 Rc8 27. Qe3 {[#] aiming for Rxc8+.} Bd7 (27... Re8 {is tougher.} 28. Bb4 (28. Bxf5 Nxf5 29. exf5 Qd6 $16) 28... f4) 28. Rxb7 Qxb7 29. Qb6 Rxc1+ 30. Bxc1 Qc8 31. Bg5 f4 $2 {[#]} (31... Kf7 32. d6 Nc6 33. Bxf5 Bxf5) 32. Bxd7 ({Less strong is} 32. Bxe7 Bxh3 33. Qd8+ Kf7 34. Qxc8 Bxc8 $18) 32... Qc1+ 33. Kg2 Qd2+ 34. Kh3 {Weighted Error Value: White=0.18 (very precise) /Black=0.60} 1-0